Geografía y economía urbanas en los países subdesarrollados.
I tiakina i:
| Kaituhi matua: | |
|---|---|
| Hōputu: | Pukapuka |
| Reo: | Pāniora |
| Ngā marau: | |
| Ngā Tūtohu: |
Kāore He Tūtohu, Me noho koe te mea tuatahi ki te tūtohu i tēnei pūkete!
|
MARC
| LEADER | 00000cam^a2200000uu^4500 | ||
|---|---|---|---|
| 001 | 000466956 | ||
| 005 | 20250521000000.0 | ||
| 008 | 050901s1973^^^^^^^^^^^^rd^r^^000^0^spa^d | ||
| 009 | 20260310124435.557 | ||
| 022 | |a 8428102430 | ||
| 035 | |a FCE 000009597 | ||
| 035 | |a FCE 027223 | ||
| 037 | |a Acervo ITESO - Biblioteca | ||
| 041 | |a spa | ||
| 082 | 0 | 4 | |a 301.711 |b SANg |
| 100 | |a Santos, Milton |e (autor) | ||
| 245 | 1 | 0 | |a Geografía y economía urbanas en los países subdesarrollados. |
| 264 | |a Barcelona : |b Oikos-Tau, |c 1973. | ||
| 300 | |a 281 p. | ||
| 336 | |a texto |b txt |2 rdacontenido | ||
| 337 | |a sin mediación |b n |2 rdamedio | ||
| 338 | |a volumen |b nc |2 rdasoporte | ||
| 649 | |a XX | ||
| 650 | |a Países en desarrollo | ||
| 650 | |a Estadísticas | ||
| 650 | |a Economía | ||
| 650 | |a Urbanización | ||
| 650 | |a Desarrollo regional | ||
| 650 | |a Industrialización | ||
| 650 | |a Estructura social | ||
| 650 | |a Zona urbana | ||
| 910 | |a Fondo Centro de Estudios Educativos | ||
| 920 | |a Impresos - Libros | ||
| 930 | |a Fondos Especiales | ||
| 905 | |a 133 | ||
| 901 | |a ALE027223 |b IT2 |c CEE |u 20250521 | ||
| 902 | |a https://opac.biblio.iteso.mx/vufind/Record/000466956 | ||